Bevölkerungsreichste Länder, die aneinander grenzen - Statistiken

Allgemein
  • Dieses Quiz wurde 29.476 mal gespielt
  • Das Durchschnittsergebnis liegt bei 18 aus 24
Antwortstatistiken
Land % Korrekt
China
99%
Indien
98%
Russland
97%
Vereinigte Staaten
95%
Mexiko
91%
Kanada
90%
Brasilien
89%
Deutschland
89%
Frankreich
88%
Pakistan
87%
Argentinien
84%
Bangladesch
80%
Iran
77%
Ukraine
74%
Kolumbien
73%
Italien
72%
Vietnam
70%
Myanmar
66%
Türkei
63%
Polen
54%
D.R. Kongo
53%
Äthiopien
39%
Kenia
37%
Tansania
33%
Keine übereinstimmenden Quizze gefunden
Verteilung der Resultate
Anzahl Personen mit jedem Resultat
Perzentil nach korrekt beantworteten Fragen
Ihre Resultats-Entwicklung
Sie haben dieses Quiz noch nicht gespielt